000 02060nam0a2200349 4500
001 RU\NLR\BIBL_A\022042323
005 20260408134533.0
010 _a978-5-89100-280-7
_9500
021 _aRU
_b2023-56122
_9КН-П-5643
035 _a(RuMoRGB)012080422
035 _a(NLR Aleph) 022042323
090 _a12573165
_c12573165
100 _a20231005d2023 |||y0rusy50 ca
101 0 _arus
102 _aRU
105 _ac z 100zy
181 0 _ai3
_baxxe
182 0 _an
200 1 _aХристианские конфессии на оккупированных территориях СССР, 1941-1944 годы
_eколлективная монография
_eпо итогам международной научной конференции, 25-26 ноября 2021 года
_fАвтономная некоммерческая образовательная организация высшего образования "Свято-Филаретовский институт"
203 _aТекст
_bвизуальный
_cнепосредственный
210 _aМосква
_cСвято-Филаретовский институт
_d2023
215 _a333 с.
_cпортр.
_d21
320 _aБиблиогр.: с. 306-328 и в подстроч. примеч.
606 1 _aХристианство
_jСъезды, совещания и т.п
_xИстория
_xОккупированные районы
_yСССР
_z1941 - 1944
_92574265
_3RU\NLR\AUTH\6601733294
686 1 _aЭ37-39(2)72я431
711 1 2 _a"Христианские конфессии на оккупированных территориях СССР, 1941-1944", международная научная конференция
_eМосква
_f2021
_9863284
_3RU\NLR\AUTH\880599171
712 0 2 _4475
_aСвято-Филаретовский институт
_cМосква
_3RU\NLR\AUTH\880624559
_92656927
942 _cBOOK
980 _aNB